000 00492cam a2200217ua 4500
020 _c75.00
041 _aeng
_h
082 _a627.52
_bSAH/IR
100 _aSahasrabudhe, S R .
_9148
245 _aIrrigation engineering and hydraulic structures
250 _a5 /
_b.
260 _aLudhiana :
_bKatson publishing house ,
_c1985.
300 _a256 ; .
365 _a75.00
504 _a
942 _cBK
999 _c107
_d107
003 @
003 OSt